000 00918caa a22002537a 4500
999 _c410782
_d410782
001 123630
003 UA-OsUOA
005 20200112115750.0
007 ta
008 20170627b un ||||| |||| 00| 0 ukr d
040 _aUA-OsUOA
_bukr
_cUA-OsUOA
_dUA-OsUOA
041 _aukr
080 _a908
090 _a908
_bГ55
100 _aГлускін В.
245 _aОстрозька академія: Острог — перша варта культури на Волині
_cВ. Глускін, В. Семак
300 _aС. 17–28
650 7 _a908 Краєзнавство
_2UDC
700 _aСемак В.
773 0 _0308337
_9304866
_aГлускін В.
_dРівне 1992
_o62481
_tНариси історії української філософії XVI-XIX ст.
_w(UA-OsUOA) 22123
942 _cBKA
_2udc
955 _a1